Yogayog kala (Record no. 7404)
[ view plain ]
| 000 -LEADER | |
|---|---|
| fixed length control field | 00444cam a2200181ua 4500 |
| 008 - FIXED-LENGTH DATA ELEMENTS--GENERAL INFORMATION | |
| fixed length control field | 150127n ii |||gr||||Z||||||asm |
| 020 ## - INTERNATIONAL STANDARD BOOK NUMBER | |
| International Standard Book Number | 8173394458 |
| 040 ## - CATALOGING SOURCE | |
| Transcribing agency | MAIN |
| 041 ## - LANGUAGE CODE | |
| -- | asm |
| 082 ## - DEWEY DECIMAL CLASSIFICATION NUMBER | |
| Classification number | 302.2 |
| 100 ## - MAIN ENTRY--PERSONAL NAME | |
| Personal name | Bezborah, Nirajana Mahanta, |
| Relator term | |
| 245 1# - TITLE STATEMENT | |
| Title | Yogayog kala |
| Statement of responsibility, etc. | by Nirajana Mahanta Bezborah |
| 260 ## - PUBLICATION, DISTRIBUTION, ETC. | |
| Place of publication, distribution, etc. | Dibrugarh: |
| Name of publisher, distributor, etc. | Banalata, |
| Date of publication, distribution, etc. | 2005. |
| 300 ## - PHYSICAL DESCRIPTION | |
| Extent | 137p. |
| 942 ## - ADDED ENTRY ELEMENTS (KOHA) | |
| Koha item type | Books |
| 653 ## - INDEX TERM--UNCONTROLLED | |
| Uncontrolled term | Social interaction |
| Withdrawn status | Lost status | Damaged status | Not for loan | Home library | Current library | Shelving location | Date acquired | Total Checkouts | Full call number | Barcode | Date last seen | Date last checked out | Copy number | Price effective from | Koha item type | Source of classification or shelving scheme | Collection code | Cost, normal purchase price |
|---|---|---|---|---|---|---|---|---|---|---|---|---|---|---|---|---|---|---|
| Central Library, Naharkatiya College | Central Library, Naharkatiya College | General Stacks | 19/09/2020 | 10 | 302.2 | BEZ | 20657 | 24/09/2025 | 10/09/2025 | 2 | 19/09/2020 | Books | |||||||
| Central Library, Naharkatiya College | Central Library, Naharkatiya College | General Stacks | 19/09/2020 | 302.2 | BEZ | 20658 | 19/09/2020 | 1 | 19/09/2020 | Books | |||||||||
| Central Library, Naharkatiya College | Central Library, Naharkatiya College | General Stacks | 12/02/2022 | 11 | 302.2 | 21006 | 13/11/2025 | 07/10/2025 | 3 | 12/02/2022 | Books | Dewey Decimal Classification | Assamese | 100.00 | ||||
| Central Library, Naharkatiya College | Central Library, Naharkatiya College | General Stacks | 12/02/2022 | 11 | 302.2 | 17630 | 22/08/2025 | 04/08/2025 | 4 | 12/02/2022 | Books | Dewey Decimal Classification | Assamese | 55.00 |
